Loading...
| Fine Arts - Other | 2 | 0.00 | 0% | 0% | 0% |
| Fine Arts - Painting & Sculpture | 1 | 10.00 | 0% | 0% | 700% |
| History - American | 1 | 0.00 | 0% | 0% | 0% |
| History - European | 3 | 3.33 | 0% | 0% | 267% |
| History - Other | 1 | 10.00 | 0% | 0% | 900% |
| History - World | 1 | 0.00 | 0% | 0% | 0% |
| Literature - American | 2 | 5.00 | 0% | 0% | 450% |
| Literature - World | 2 | 5.00 | 3,200% | 0% | 0% |
| Mythology | 2 | 5.00 | 0% | 0% | 400% |
| Other | 1 | 10.00 | 6,400% | 0% | 0% |
| Philosophy | 1 | 10.00 | 8,100% | 0% | 0% |
| Religion | 2 | 10.00 | 0% | 850% | 0% |
| Science - Biology | 5 | 10.00 | 1,280% | 160% | 540% |
| Science - Chemistry | 1 | 20.00 | 4,900% | 700% | 0% |
| Science - Other | 2 | 5.00 | 2,450% | 0% | 0% |
| Science - Physics | 3 | 0.00 | 0% | 0% | 0% |
| Social Science | 3 | 10.00 | 4,833% | 0% | 267% |